|
|
|
|
| LEADER |
00000nam0a2200000 4500 |
| 001 |
25061 |
| 005 |
20231030200612.0 |
| 010 |
|
|
|a 589826003X
|
| 035 |
|
|
|a (RuTPU)RU\TPU\book\25297
|
| 035 |
|
|
|a BOOK00025371
|
| 090 |
|
|
|a 25061
|
| 100 |
|
|
|a 20011209d1999 km y0rusy50 ca
|
| 101 |
0 |
|
|a rus
|
| 102 |
|
|
|a RU
|
| 105 |
|
|
|a a z 001zy
|
| 200 |
1 |
|
|a Вечный Ренессанс
|f М. Н. Соколов
|
| 210 |
|
|
|a Москва
|c Прогресс-Традиция
|d 1999
|
| 215 |
|
|
|a 424 с.
|c ил.
|
| 320 |
|
|
|a Библиогр.: с. 403-422.
|
| 517 |
1 |
|
|a Лекции о морфологии культуры Возрождения
|
| 610 |
1 |
|
|a культура
|
| 610 |
1 |
|
|a искусство
|
| 610 |
1 |
|
|a история
|
| 610 |
1 |
|
|a Ренессанс
|
| 610 |
1 |
|
|a Возрождения, эпоха
|
| 610 |
1 |
|
|a барокко
|
| 610 |
1 |
|
|a 14 век
|
| 610 |
1 |
|
|a 15 век
|
| 610 |
1 |
|
|a 16 век
|
| 610 |
1 |
|
|a 17 век
|
| 675 |
|
|
|a 7.034
|v 3
|
| 686 |
|
|
|a Ч113
|v LBC/SL-A
|2 rubbk
|
| 700 |
|
1 |
|a Соколов
|b М. Н.
|g Михаил Николаевич
|
| 801 |
|
0 |
|a RU
|b 63413507
|c 20011209
|g PSBO
|
| 801 |
|
2 |
|a RU
|b 63413507
|c 20130114
|g PSBO
|
| 942 |
|
|
|c BK
|